| 000 | 02125nab a2200253 a 4500 | ||
|---|---|---|---|
| 005 | 20210219162702.0 | ||
| 008 | 991125s1985 mx 000 0 spa u | ||
| 035 | _aUPN01000208904 | ||
| 049 | _aART | ||
| 100 | 1 | _aGonzález Varela, Sergio Armando | |
| 100 | 1 | _usergio.gonzalez@uaslp.mx | |
| 222 | 0 | _aESTUDIOS SOBRE LAS CULTURAS CONTEMPORANEAS | |
| 245 | 0 | 0 |
_aAntropología y el estudio de las ontologías a principios del siglo XXI : _bsus problemáticas y desafíos para el análisis de la cultura |
| 260 | _aColima, México | ||
| 300 | _a39-64 | ||
| 362 | 0 | _a2015 3a época, volumen 21, número 42, noviembre | |
| 520 | 3 | _aEl presente texto analiza el llamado “giro ontológico” en la antropología, sus alcances y aportaciones, así como sus críticas y sus desafíos para abordar el tema de la alteridad cultural. El artículo describe los fundamentos históricos y filosóficos del estudio de las “ontologías”, sus principales exponentes en las antropologías Británica, Brasileña y Francesa; además, hace una breve revisión sobre el impacto que ha tenido recientemente en los Estados Unidos y en Latinoamérica en el nuevo mileno. Al no ser un movimiento teórico unificado, la gama de autores a los que hace referencia el llamado estudio de las ontologías es bastante amplia; el artículo, por lo tanto, se enfoca principalmente en las aportaciones de los antropólogos Eduardo Viveiros de Castro, Philippe Descola, Martin Holbraad, así como en trabajos que han sido influenciados de alguna manera por ellos. Finalmente, el texto aborda críticamente los temas de los límites del concepto de alteridad radical en los estudios sobre ontologías, el problema de la práctica cultural, además de las nociones de distancia y cercanía como fundamentos básicos de este tipo de antropología | |
| 653 | 0 | _aONTOLOGIA | |
| 653 | 0 | _aALTERIDAD | |
| 653 | 0 | _aANTROPOLOGIA | |
| 856 | 4 | _uhttp://www.redalyc.org/articulo.oa?id=31642649003 | |
| 856 | 4 | _uhttp://www.culturascontemporaneas.com/contenidos/03%20Antropologia%20y%20el%20estudio%20de%20ontologias%20pp%2039-64.pdf | |
| 905 | _aArticulo | ||
| 999 |
_c181005 _d181005 |
||